| 000 | 01730cam a2200385 a 4500 | ||
|---|---|---|---|
| 999 |
_c3166 _d3166 |
||
| 001 | 012825178 | ||
| 003 | UkOxU | ||
| 005 | 20210826095806.0 | ||
| 008 | 780119m19771987mdua 000 0 eng d | ||
| 020 | _a0683045059 (v. 1) | ||
| 020 | _a0683011057 (v. 2) | ||
| 020 | _a0683011081 (v. 3) | ||
| 020 | _a0683069004 (v. 5) | ||
| 035 | _aOCLC ocm14383738 from D970820M | ||
| 040 |
_aNLM _cNLM _dEQO |
||
| 060 | 0 | 0 |
_aQP 104 _bH23 1977 sect.1 |
| 092 | _a12825178 | ||
| 245 | 0 | 4 |
_aThe nervous system / _csection editors: John M. Brookhart, Vernon B. Mountcastle ; excutive editor, Stephen R. Geiger. |
| 260 |
_aBethesda, Md. : _bAmerican Physiological Society, _c1977-87. |
||
| 300 |
_a5 v. in 9 : _bill. ; _c30 cm. |
||
| 490 | 1 |
_aHandbook of physiology (Bethesda, Md.) ; _vsection 1 |
|
| 500 | _a"Formerly section 1: Neurophysiology." | ||
| 505 | 0 | _av. 1. (2 pts.) Cellular biology of neurons / volume editor, Eric R. Kandel -- v. 2. (2 pts.) Motor control / volume editor, Vernon B. Brooks -- v. 3. (2 pts.) Mechanics of breathing / volume editor, Ian Darian-Smith -- v. 4. Intrinsic regulatory systems of the brain -- v. 5. (2 pts.) Higher functions of the brain / volume editor, Fred Plum. | |
| 650 | 0 | _aNeurophysiology. | |
| 650 | 2 |
_aNervous System _xphysiology. |
|
| 700 | 1 | _aMountcastle, Vernon B. | |
| 700 | 1 |
_aBrookhart, John M. _q(John Mills), _d1913-1995 |
|
| 700 | 1 | _aGeiger, Stephen R. | |
| 710 | 2 | _aAmerican Physiological Society (1887- ) | |
| 730 | 0 | _aNeurophysiology. | |
| 830 | 0 |
_aHandbook of physiology (Bethesda, Md.) ; _vsection 1. |
|
| 830 | 0 |
_aHandbook of physiology (Bethesda, Md.) ; _vsection 1. |
|
| 942 |
_2lcc _cBK _nDO |
||